[Event "Biel GM 51st"]
[Site "Biel"]
[Date "2018.08.01"]
[Round "10"]
[White "Carlsen, Magnus"]
[Black "Georgiadis, Nico"]
[Result "1-0"]
[WhiteElo "2842"]
[BlackElo "2526"]
[Annotator "Golubev,M"]
[PlyCount "93"]
[EventDate "2018.07.22"]
[EventType "tourn"]
[EventRounds "10"]
[EventCountry "SUI"]
[EventCategory "20"]
[SourceTitle "CBM 186"]
[Source "ChessBase"]
[SourceDate "2018.09.14"]
[SourceVersion "1"]
[SourceVersionDate "2018.09.14"]
[SourceQuality "1"]

1. e4 c5 2. Na3 $5 {This move remained virtually unknown until Zvjaginsev used
it three times in the Russian Superfinal 2005. Still, there were almost no
followers among the strong GMs afterwards. By using such an offbeat move, the
world champion probably expressed his disappointment with the loss in the
previous round - and also avoided the main theory, indeed.} g6 ({Quite a
decent recipe is} 2... d6 3. c3 Nf6 4. g3 Nc6 5. Bg2 e5 $1 $11 {
Welling-Swinkels, Hilversum 2008.}) 3. Nf3 Bg7 4. c3 $1 d5 ({An alternative is
} 4... Nc6 $5 5. d4 cxd4 6. cxd4 Nf6 $1 7. d5 Nb4 8. Bd3 ({or} 8. Qa4 a5) 8...
O-O {Zvjaginsev-Bocharov, Tomsk 2006.}) 5. exd5 Qxd5 {Now it has transposed to
a sideline of the Alapin System, where Na3 is a useful/typical move.} 6. Bc4 ({
After the rare} 6. Qb3 {Black can play} Nf6 $5 ({but not} 6... Be6 $2 7. Bc4 $1
Qe4+ 8. Kd1 $1 {and if} Bxc4 9. Nxc4 Qd5 10. Nb6 $3 $18 {Smyslov-Zhu Chen,
Amsterdam 2001})) ({A sensible alternative is} 6. d4 cxd4 7. Bc4 ({or} 7. Nb5
Na6 8. Nbxd4 Nf6 9. Bb5+ Bd7 {where GM Karpatchev advocated} 10. Bxa6 $5 bxa6
11. O-O O-O 12. Re1 {and if} Rfe8 13. Ne5) 7... Qe4+ 8. Be3 {and now} Nh6 $1 ({
avoiding the trap} 8... dxe3 $4 9. Bxf7+)) 6... Qe4+ 7. Kf1 $5 ({In a number
of games the "Alapin" expert GM Sveshnikov preferred} 7. Be2 Nf6 8. O-O {
, which is a more common choice generally. Now it makes sense to play} Nc6 $1 {
first} ({avoiding the line} 8... O-O 9. d4 cxd4 10. Nxd4 $1 {Sveshnikov-Miezis,
ch-LAT Riga 2005})) 7... Be6 $1 {Clearly the best way to parry the Bxf7+
threat.} ({Instead} 7... e6 $4 8. d3 Qf5 9. Nb5 $18 {Cherniaev-Vasquez
Schroder, Wch blitz Khanty-Mansiysk 2013, was already lost for Black.}) 8. Qa4+
$6 $146 ({After} 8. Bb5+ Bd7 9. d3 (9. Bc4 Be6 $11 {repeats}) 9... Bxb5 10.
Nxb5 Qc6 $8 11. Qa4 {(Peptan-Uta, ROM-ch wom Amara 2007)} Nd7 12. Bf4 Kf8 $1 {
Black is fine.}) (8. Qe2 $5 $11 {can not be overly attractive.}) ({But White
can also try} 8. Be2 $5 {where Black, likely, has to allow Ng5 by} Nf6 ({or} 
8... Nc6)) 8... Nd7 ({There was nothing wrong with} 8... Nc6 $5 {as well.}) 9.
d4 $6 {Another overly optimistic move.} Ngf6 10. Bg5 Bxc4+ 11. Qxc4 Qd5 $6 ({
A more promising move was} 11... Qf5 $1 {and Black is somewhat better.}) 12.
Re1 e6 13. Bxf6 $5 Nxf6 $1 14. Qb5+ $6 ({After} 14. Qxc5 Qxc5 15. dxc5 {
Black is fine, but at least White can hope to be no worse.}) 14... Nd7 $1 15.
Ne5 $6 a6 $2 ({A sharp, principled continuation was} 15... Bxe5 16. dxe5 Qxa2
$1 {which looks very risky, but Black is doing well here.} 17. Rd1 ({or} 17.
Nc4 O-O $1 $17 {and then, for example,} 18. b3 Rfd8 19. h4 Rab8 {with the idea
of 20...a6}) 17... O-O-O $1 ({rather than} 17... O-O 18. Qxd7 Rad8 19. Qxd8
Rxd8 20. Rxd8+ Kg7 21. Nc2 $1 {etc. where White probably holds}) 18. Nc4 {
(otherwise 18...a6)} Nxe5 $1 19. Qxc5+ Nc6 $17) 16. Qc4 $6 ({Normally, White
had to play} 16. Qxd7+ Qxd7 17. Nxd7 Kxd7 18. Nc4 $11 {. While after Carlsen's
move Black is better.}) 16... Nxe5 17. dxe5 Rd8 18. Qxd5 Rxd5 19. f4 g5 $6 ({
Two stronger moves were} 19... Bh6 $5 20. g3 g5) ({and} 19... O-O $5 {
preparing ...f6}) 20. fxg5 $8 Ke7 21. h4 $1 Rxe5 ({If} 21... Rhd8 $5 22. Rh3 $1
({rather than} 22. Nc4 b5 23. Na5 Rc8 $1)) 22. Rxe5 Bxe5 {The ending is equal,
more or less.} 23. Ke2 b5 24. Nc2 Rd8 25. Ne1 c4 26. Nf3 Bg7 27. Nd2 $6 h6 28.
Ne4 hxg5 29. hxg5 Rd5 30. a3 a5 31. Re1 Be5 32. g3 $6 Kf8 $1 33. Kf3 $6 Kg7 {
After several inaccurate moves, the world champion's position has become
unpleasant.} 34. Kg4 Kg6 35. Rf1 Rd3 ({The Swiss grandmaster could have tried} 
35... Bg7 $5 {. The following illustrative lines show some ideas:} 36. Rf2 Re5
37. Kf4 Rf5+ 38. Kg4 Rxf2 39. Nxf2 a4 (39... Bf8 $5 40. Nh3 Bd6 41. Nf4+ Bxf4
42. gxf4 a4 43. Kg3 Kf5 44. Kf3 e5 45. fxe5 Kxe5 46. Kg4 Ke4 47. Kh5 Kd3 48.
Kh6 Kc2 49. Kg7 Kxb2 50. Kxf7 b4) 40. Ne4 (40. Nh3 b4 $1) 40... Bf8 $1 41. Kf4
Be7 42. Kg4 $2 (42. Ke5 $1) 42... e5 $1 {(Zugzwang)} 43. Kf3 Bxg5 44. Nd6 Bc1
45. Ke4 Bxb2 46. Nxb5 f6 $1 47. Kd5 Kg5 48. Kxc4 Kg4 49. Kd3 Kxg3 50. Kc2 Ba1
$1 51. Kb1 f5 $1 52. Kxa1 f4 53. c4 f3 54. Nc3 Kf4 $1 55. Nd1 e4 {and wins.})
36. Rf3 Rd1 37. Rf2 Rd5 $2 {Georgiadis allows White to regroup.} 38. Nd2 $5 (
38. Nf6 $1 Bxf6 {(otherwise White can play 39.Nh5)} 39. Rxf6+ Kg7 40. Rf2 {
is drawish.}) 38... Bc7 39. Nf3 Bd8 40. Nh4+ Kg7 41. Nf3 Bb6 ({Avoiding the
repetition,} 41... Kg6 {. But White is already OK.}) 42. Re2 Bc7 43. Re4 $1 Bd6
44. Rd4 $1 Rxd4+ 45. Nxd4 b4 46. a4 {The position is a draw, after many of
Black's moves. But he blunders terribly.} b3 $4 ({Quite normal would have been,
for example,} 46... Be5 47. Nc2 $1 (47. Nb5 $2 Kg6 $1 48. cxb4 axb4 49. a5 Bxb2
50. a6 c3 51. Nd4 c2 52. Nxc2 b3) 47... bxc3 48. bxc3 Bxc3 49. Ne3 $11) 47. Nf3
$1 $18 {Threatening 48.Nd2.} ({Instead of giving up (after quite a long think)
after} 47. Nf3 {Black could have tried} Ba3 48. bxa3 b2 49. Nd2 {and now} Kg6 {
but there are not many practical chances for him. For example,} 50. Kf4 Kh5 51.
Ke3 Kxg5 52. Kd4 (52. Ke2 Kg4 53. Kd1 $1 Kxg3 54. Kc2 {wins as well}) 52... Kg4
53. Kxc4 e5 54. Kb3 ({after} 54. Kd5 $4 Kxg3 55. Kxe5 Kf2 {Black saves the game
}) 54... e4 55. Kxb2 e3 56. Nc4 e2 57. Ne3+ Kxg3 58. Nc2 f5 59. c4 f4 60. Kc3
f3 61. Kd2 $18 {. I suspect that this Carlsen's win will never be included in
his best games collections. He played quite poorly and was just very lucky in
the end.}) 1-0

[Event "Sinquefield Cup 6th"]
[Site "Saint Louis"]
[Date "2018.08.26"]
[Round "8"]
[White "Mamedyarov, Shakhriyar"]
[Black "Carlsen, Magnus"]
[Result "1/2-1/2"]
[WhiteElo "2801"]
[BlackElo "2842"]
[Annotator "Fernandez,D"]
[PlyCount "116"]
[EventDate "2018.08.18"]
[EventType "tourn"]
[EventRounds "9"]
[EventCountry "USA"]
[EventCategory "22"]
[SourceTitle "CBM 186"]
[Source "ChessBase"]
[SourceDate "2018.09.14"]
[SourceVersion "1"]
[SourceVersionDate "2018.09.14"]
[SourceQuality "1"]

1. d4 Nf6 2. c4 g6 3. Nf3 Bg7 4. g3 c6 5. Bg2 d5 {Black indicates that he is
fine with a draw, by entering the infamous ...c6, ...d5 setup against the
Fianchetto KID.} 6. Nbd2 (6. O-O O-O 7. cxd5 cxd5 8. Nc3 {brings us to 'the
big position', where Black decides between, in the first instance, ...Nc6, ...
e6 or ...Ne4. My personal favourite, and the most commonly played, is ...e6.}
e6 9. Ne5 {This is most testing.} (9. b3 Nc6 10. Ne5 (10. Ba3 Re8 11. e3 Qa5
12. Bb2 Bd7) 10... Nxe5 11. dxe5 Ng4 12. e4) (9. Bf4 Nc6 10. Ne5 Nh5 $132) 9...
Bd7 $5 {Used in a previous Mamedyarov game.} (9... Nfd7 {is a common choice,
inviting the repetition. An independent line now is:} 10. f4 $1 Nxe5 $5 (10...
Nc6 11. b3 $1 Ndxe5 (11... Re8 12. Ba3 Qa5 13. Bb2 Ne7 14. Qd3 {is also nice
for White.}) 12. dxe5 f6 13. exf6 Bxf6 14. Bb2 $14) 11. fxe5 f6 12. e4 $5 {
A new idea of mine, as far as I know.} fxe5 13. Rxf8+ Qxf8 14. exd5 exd4 (14...
exd5 15. Nxd5 Nc6 $14) 15. Ne4 exd5 16. Ng5 $1 h6 (16... Nc6 $2 17. Bxd5+ Kh8
18. Nf7+ Kg8 19. Qf3 h5 20. Bf4 $32) 17. Bxd5+ Kh8 18. Nf7+ Kh7 19. Bxh6 $1
Bxh6 20. Nxh6 Qxh6 21. Qxd4 $40 {Black has to find a series of precise moves
to survive.}) 10. Bg5 h6 11. Bf4 Nc6 12. Qd2 Kh7 13. Rfd1 Nh5 14. e4 Nxf4 15.
Qxf4 dxe4 16. Nxe4 Qe7 17. h4 Rad8 $1 $11 {Mamedyarov,S-Artemiev,V Moscow 2017}
) 6... a5 7. b3 a4 8. Ba3 axb3 $5 {I don't always understand why Black players
are so keen to resolve this tension, because the pawn on a4 is so rarely
edible.} (8... O-O 9. O-O Ne4 $132) 9. axb3 O-O 10. O-O Re8 11. e3 ({The most
direct way is} 11. Bb2 Na6 12. Ne5 Bf5 13. f3 {but here Black can take care of
himself, for instance after} Qb6 $11 {. Therefore White leaves the bishop on
a3, which represents a form of tension.}) 11... Bf5 12. Qe2 {How very subtle.}
Na6 {This move tries to be too careful, and gives White a couple of
interesting possibilities for play over the next 5 moves or so.} (12... Nbd7 {
was also possible, but maybe Black was concerned about} 13. cxd5 cxd5 14. Qb5
$36 {and White has a brief burst of activity.}) 13. Ne5 Ne4 14. cxd5 cxd5 15.
Nxe4 (15. Rfc1 $5) 15... Bxe4 16. Bxe4 (16. Qb5 $5) 16... dxe4 17. Qb5 Rb8 18.
Qc4 Bxe5 $1 $11 {Fully equalising the game, even if this is not obvious yet.}
19. dxe5 Qd3 20. Rac1 (20. Qxd3 exd3 21. Rad1 b5 $3 {is one of the points,
even if it doesn't get any objective advantage after} 22. Bb2 $11) 20... Qxc4
21. Rxc4 b5 {As in the previous note, Black targets b3.} 22. Rc6 (22. Rxe4 b4
23. Bb2 Nc5 24. Rc4 Nxb3 25. Rd1 Rec8 $1 $15) 22... Ra8 23. Rfc1 Nb8 24. Rc8
Kf8 25. Bb4 Na6 26. Rxa8 Rxa8 27. Ba5 Ke8 28. Rc6 Kd7 29. Rb6 Nc5 30. b4 (30.
Rxb5 {requires either superhuman calculation or an appetite for suffering.}
Nxb3 31. e6+ $1 (31. Rxb3 Rxa5 $15 {is certainly drawable, but definitely will
not be fun.}) 31... Kxe6 32. Bb4 Nc1 33. Rb6+ {Black cannot escape with the
pawn, but if you saw this position from afar, you would still be a lot more
concerned than the engine is about White's survival chances after} Kd7 34. Rb7+
Kc6 35. Rxe7 Nd3 36. Bc3 f5 $5 $13) 30... Nd3 31. e6+ (31. Rxb5 Kc6 32. Rb6+
Kd5 33. Rb7 $1 {White keeps enough activity.}) 31... fxe6 32. Rxb5 Rc8 33. Rb7+
Kd6 34. b5 Rc1+ 35. Kg2 Rc2 36. Kg1 {A sign that the position has become
practically difficult, and indeed, inaccuracies begin to creep in.} g5 37. Rb8
Rb2 (37... e5 $5) 38. Rd8+ Kc5 39. b6 Rb5 40. Kg2 $6 (40. g4 {still keeps the
game level, because Black doesn't have any easy mating configurations.}) 40...
g4 41. h3 h5 42. hxg4 hxg4 {Now it is a little bit troublesome to draw this.}
43. Bc3 e5 44. Rg8 Kc4 {One way to initiate the last roll of the dice.} (44...
Rxb6 $5 45. Rxg4 Rb3 46. Ba5 Rb2 47. Rxe4 Rxf2+ 48. Kg1 Re2 $15 {White still
has quite significant issues to surmount.}) 45. Rc8+ Kd5 46. Rd8+ Kc5 47. Rc8+
({Why not} 47. Rg8 {?}) 47... Kxb6 48. Rb8+ Kc5 49. Rxb5+ {Clearly, White
backed his intuition that this endgame would be drawn.} Kxb5 50. Kf1 Ka4 51.
Ke2 e6 52. Kf1 Kb3 53. Ba5 Kc2 54. Ke2 Nc1+ 55. Ke1 Nd3+ (55... Kd3 $11 {
is possible, but Black doesn't get anywhere near the progress that he needs,
which is, very simply, forcing the White king to f1 at such a moment that ...
Kd1/d2 is then possible.}) 56. Ke2 Nc1+ 57. Ke1 Nd3+ 58. Ke2 Nc1+ 1/2-1/2

[Event "EU-Cup 34th"]
[Site "Porto Carras"]
[Date "2018.10.14"]
[Round "3.1"]
[White "Wojtaszek, Radoslaw"]
[Black "Carlsen, Magnus"]
[Result "1/2-1/2"]
[WhiteElo "2727"]
[BlackElo "2839"]
[PlyCount "93"]
[EventDate "2018.10.12"]
[EventType "team-swiss"]
[EventRounds "7"]
[EventCountry "GRE"]
[SourceTitle "CBM 187"]
[Source "ChessBase"]
[SourceDate "2018.12.11"]
[SourceVersion "1"]
[SourceVersionDate "2018.12.11"]
[SourceQuality "1"]
[WhiteTeam "Novy Bor"]
[BlackTeam "Valerenga"]
[WhiteTeamCountry "CZE"]
[BlackTeamCountry "NOR"]

1. d4 Nf6 2. c4 g6 3. Nf3 Bg7 4. g3 O-O 5. Bg2 c6 6. Nc3 d5 7. cxd5 cxd5 8. Ne5
b6 9. O-O Bb7 10. Bf4 Nc6 11. Rc1 Rc8 12. Qd2 e6 13. Rc2 Nxe5 14. Bxe5 Ne8 15.
Bxg7 Kxg7 16. Rfc1 Nd6 17. b3 Qf6 18. e3 Ba6 19. a4 Qe7 20. Na2 Rxc2 21. Rxc2
Rc8 22. Rxc8 Bxc8 23. a5 Qc7 24. axb6 Qxb6 25. Qb4 Ba6 26. Qxb6 axb6 27. Nc3
Bd3 28. Bf1 Bc2 29. b4 Ne4 30. Nb5 Bd1 31. Bd3 Nd2 32. Nc3 Bb3 33. Kg2 Bc4 34.
Bc2 Bf1+ 35. Kg1 Bc4 36. Kg2 g5 37. g4 Bf1+ 38. Kg3 Nc4 39. h4 h6 40. hxg5 hxg5
41. Ba4 Nb2 42. Bc2 Kf6 43. f4 Bd3 44. Bb3 Bc4 45. Bc2 Bd3 46. Bb3 Bc4 47. Bc2
1/2-1/2

[Event "EU-Cup 34th"]
[Site "Porto Carras"]
[Date "2018.10.15"]
[Round "4.1"]
[White "Carlsen, Magnus"]
[Black "Donchenko, Alexander"]
[Result "1/2-1/2"]
[WhiteElo "2839"]
[BlackElo "2610"]
[PlyCount "72"]
[EventDate "2018.10.12"]
[EventType "team-swiss"]
[EventRounds "7"]
[EventCountry "GRE"]
[SourceTitle "CBM 187"]
[Source "ChessBase"]
[SourceDate "2018.12.11"]
[SourceVersion "1"]
[SourceVersionDate "2018.12.11"]
[SourceQuality "1"]
[WhiteTeam "Valerenga"]
[BlackTeam "Aachen Aufwaerts"]
[WhiteTeamCountry "NOR"]
[BlackTeamCountry "GER"]

1. d4 Nf6 2. Nf3 d5 3. e3 c5 4. Nbd2 cxd4 5. exd4 Nc6 6. Bb5 Qb6 7. c4 dxc4 8.
a4 a6 9. Nxc4 Qc7 10. Bxc6+ Qxc6 11. Nce5 Qd5 12. O-O Bg4 13. Nxg4 Nxg4 14. a5
Nf6 15. Bg5 e6 16. Ne5 Be7 17. Bxf6 gxf6 18. Ng4 Rd8 19. Ra4 Qb5 20. b3 f5 21.
Ne3 f4 22. Nc4 Bf6 23. Nb6 Qf5 24. d5 f3 25. g3 Be5 26. Rc4 h5 27. Re1 Rh6 28.
Rh4 Bc3 29. Rf4 Qh3 30. Rxf3 Bxe1 31. Qxe1 h4 32. Qe4 hxg3 33. Qa4+ Kf8 34.
Qb4+ Ke8 35. Qa4+ Kf8 36. Qb4+ Ke8 1/2-1/2

[Event "EU-Cup 34th"]
[Site "Porto Carras"]
[Date "2018.10.17"]
[Round "6.1"]
[White "Carlsen, Magnus"]
[Black "Ding, Liren"]
[Result "1/2-1/2"]
[WhiteElo "2839"]
[BlackElo "2804"]
[PlyCount "114"]
[EventDate "2018.10.12"]
[EventType "team-swiss"]
[EventRounds "7"]
[EventCountry "GRE"]
[SourceTitle "CBM 187"]
[Source "ChessBase"]
[SourceDate "2018.12.11"]
[SourceVersion "1"]
[SourceVersionDate "2018.12.11"]
[SourceQuality "1"]
[WhiteTeam "Valerenga"]
[BlackTeam "Alkaloid"]
[WhiteTeamCountry "NOR"]
[BlackTeamCountry "MKD"]

1. e4 e5 2. Nf3 Nc6 3. Nc3 Nf6 4. d4 exd4 5. Nxd4 Bb4 6. Nxc6 bxc6 7. Bd3 d5 8.
exd5 O-O 9. O-O cxd5 10. Bg5 c6 11. Qf3 Bd6 12. h3 h6 13. Bf4 Rb8 14. b3 Rb4
15. Bxd6 Qxd6 16. Rfe1 a5 17. Rad1 Bd7 18. Qe3 Rc8 19. Qa7 Rh4 20. Re3 Qc7 21.
Qxc7 Rxc7 22. Na4 c5 23. g4 d4 24. Rf3 Nxg4 25. Re1 Nf6 26. Nb6 Bc6 27. Rg3 g5
28. Re5 Nh5 29. Bf5 Rf4 30. Rg4 Bf3 31. Rxf4 Nxf4 32. Nd7 c4 33. bxc4 Rxc4 34.
Rxa5 Rb4 35. Kh2 Rb1 36. Ne5 Rh1+ 37. Kg3 Bd5 38. f3 Re1 39. Nd3 Rg1+ 40. Kf2
Rg2+ 41. Ke1 Re2+ 42. Kf1 Bc4 43. Kg1 Rg2+ 44. Kh1 Bxd3 45. Bxd3 Rg3 46. h4
Rh3+ 47. Kg1 Rxh4 48. Bf1 Kg7 49. a4 Ng6 50. Rc5 d3 51. a5 dxc2 52. Rxc2 Ra4
53. a6 h5 54. Rc5 Kf6 55. Rc6+ Kg7 56. Rc5 Kf6 57. Rc6+ Kg7 1/2-1/2

[Event "EU-Cup 34th"]
[Site "Porto Carras"]
[Date "2018.10.18"]
[Round "7.1"]
[White "Svidler, Peter"]
[Black "Carlsen, Magnus"]
[Result "1/2-1/2"]
[WhiteElo "2756"]
[BlackElo "2839"]
[PlyCount "115"]
[EventDate "2018.10.12"]
[EventType "team-swiss"]
[EventRounds "7"]
[EventCountry "GRE"]
[SourceTitle "CBM 187"]
[Source "ChessBase"]
[SourceDate "2018.12.11"]
[SourceVersion "1"]
[SourceVersionDate "2018.12.11"]
[SourceQuality "1"]
[WhiteTeam "St Petersburg Bronze Horseman"]
[BlackTeam "Valerenga"]
[WhiteTeamCountry "RUS"]
[BlackTeamCountry "NOR"]

1. e4 c6 2. d4 d5 3. Nd2 dxe4 4. Nxe4 Nf6 5. Nxf6+ exf6 6. c3 Bd6 7. Bd3 O-O 8.
Qc2 Re8+ 9. Be3 h6 10. Ne2 Na6 11. O-O Nc7 12. c4 Bg4 13. h3 Bxe2 14. Bxe2 Ne6
15. Rad1 Qc7 16. Bg4 Rad8 17. Rfe1 Bf4 18. Bxf4 Nxf4 19. Rxe8+ Rxe8 20. h4 Qa5
21. g3 f5 22. Bf3 Re1+ 23. Kh2 Rxd1 24. Qxd1 Ng6 25. a3 f4 26. Be4 fxg3+ 27.
fxg3 Nf8 28. d5 cxd5 29. Qxd5 Qxd5 30. Bxd5 b6 31. b4 Nd7 32. Kg2 Kf8 33. Kf2
Nf6 34. Bf3 Ke7 35. Ke3 Kd6 36. Kd4 Ng8 37. c5+ bxc5+ 38. bxc5+ Kc7 39. Bd5 Ne7
40. Ke5 Nxd5 41. Kxd5 h5 42. c6 a6 43. a4 a5 44. Kc5 f6 45. Kd5 g5 46. Ke6 Kxc6
47. Kxf6 gxh4 48. gxh4 Kd6 49. Kg5 Ke5 50. Kxh5 Kf5 51. Kh6 Kf6 52. h5 Kf7 53.
Kg5 Kg7 54. h6+ Kh7 55. Kh5 Kh8 56. Kg6 Kg8 57. h7+ Kh8 58. Kh6 1/2-1/2

[Event "Wch Rapid"]
[Site "St Petersburg"]
[Date "2018.12.26"]
[Round "1"]
[White "Tukhaev, Adam"]
[Black "Carlsen, Magnus"]
[Result "1-0"]
[WhiteElo "2527"]
[BlackElo "2835"]
[PlyCount "144"]
[EventDate "2018.12.26"]
[EventType "swiss (rapid)"]
[EventRounds "15"]
[EventCountry "RUS"]
[SourceTitle "CBM 187 Extra"]
[Source "ChessBase"]
[SourceDate "2018.11.04"]
[SourceVersion "1"]
[SourceVersionDate "2018.11.04"]
[SourceQuality "1"]

1. e4 c5 2. Nf3 Nc6 3. d4 cxd4 4. Nxd4 Nf6 5. Nc3 e5 6. Ndb5 d6 7. Bg5 a6 8.
Na3 b5 9. Nd5 Be7 10. Bxf6 Bxf6 11. c3 O-O 12. Be2 Bg5 13. Nc2 Ne7 14. Nxe7+
Qxe7 15. O-O Bb7 16. Qd3 d5 17. exd5 Rad8 18. c4 bxc4 19. Qa3 Qc7 20. Rfd1 Bxd5
21. Qxa6 Ra8 22. Qb5 Be6 23. Qb4 Rab8 24. Qc3 Bf6 25. Rab1 e4 26. Nd4 Qa7 27.
Qe3 Bxd4 28. Qxd4 Qxa2 29. Rbc1 Rxb2 30. Bxc4 Bxc4 31. Qxc4 Rxf2 32. Qxe4 Rf6
33. Rf1 Re6 34. Qc4 Qd2 35. Qc3 Qg5 36. Qc5 Re5 37. Qc4 g6 38. Rc3 Qd8 39. Rcf3
Qe7 40. Rf4 Kg7 41. Qc3 f6 42. Rc4 Rf7 43. Rc6 Re2 44. Qd4 h5 45. Qd3 Qe5 46.
Qf3 Qd4+ 47. Kh1 Re3 48. Qd1 Qe4 49. Rd6 Re2 50. Rg1 Re3 51. Rd4 Qb7 52. Rd3
Re5 53. Qf3 Qe7 54. Rd5 Re3 55. Qd1 h4 56. Qg4 g5 57. Qd4 Re4 58. Qc3 Kh6 59.
Rf5 Qe6 60. Rgf1 Kg6 61. Qd3 Qxf5 62. Rxf5 Kxf5 63. g4+ Ke5 64. Qb5+ Kf4 65.
Qf5+ Ke3 66. Qc5+ Rd4 67. Qc1+ Ke4 68. Qc2+ Ke5 69. Qf5+ Kd6 70. Kg2 Rd5 71.
Qg6 Ke6 72. Kh3 Rfd7 1-0

[Event "Wch Rapid"]
[Site "St Petersburg"]
[Date "2018.12.26"]
[Round "2"]
[White "Carlsen, Magnus"]
[Black "Vokhidov, Shamsiddin"]
[Result "0-1"]
[WhiteElo "2835"]
[BlackElo "2480"]
[PlyCount "72"]
[EventDate "2018.12.26"]
[EventType "swiss (rapid)"]
[EventRounds "15"]
[EventCountry "RUS"]
[SourceTitle "CBM 187 Extra"]
[Source "ChessBase"]
[SourceDate "2018.11.04"]
[SourceVersion "1"]
[SourceVersionDate "2018.11.04"]
[SourceQuality "1"]

1. e4 e5 2. Qh5 Nc6 3. Bc4 g6 4. Qf3 Qe7 5. Ne2 Nf6 6. d3 Bg7 7. Nbc3 h6 8. Nd5
Nxd5 9. exd5 Na5 10. d6 cxd6 11. Bd5 Nc6 12. Bd2 Qf6 13. Qe4 O-O 14. O-O Ne7
15. Nc3 Qf5 16. Qb4 Nxd5 17. Nxd5 Kh7 18. Nc7 Rb8 19. Qxd6 b6 20. f3 Bb7 21.
Rae1 Rfc8 22. Bc3 Bf8 23. Nb5 Bxd6 24. Nxd6 Qe6 25. Nxc8 Rxc8 26. Rxe5 Qd6 27.
Rfe1 Bd5 28. a4 Be6 29. a5 bxa5 30. Kf1 Rc5 31. Rxc5 Qxc5 32. Ra1 d5 33. Rxa5
Qc7 34. Ra4 Qxh2 35. Rxa7 Qh1+ 36. Kf2 d4 0-1

[Event "Wch Rapid"]
[Site "St Petersburg"]
[Date "2018.12.26"]
[Round "3"]
[White "Pogosyan, Stefan"]
[Black "Carlsen, Magnus"]
[Result "0-1"]
[WhiteElo "2365"]
[BlackElo "2835"]
[PlyCount "58"]
[EventDate "2018.12.26"]
[EventType "swiss (rapid)"]
[EventRounds "15"]
[EventCountry "RUS"]
[SourceTitle "CBM 187 Extra"]
[Source "ChessBase"]
[SourceDate "2018.11.04"]
[SourceVersion "1"]
[SourceVersionDate "2018.11.04"]
[SourceQuality "1"]

1. d4 Nf6 2. c4 g6 3. Nc3 Bg7 4. e4 d6 5. Nf3 O-O 6. Be2 e5 7. O-O Nc6 8. d5
Ne7 9. b4 a5 10. Ba3 b6 11. bxa5 Rxa5 12. Bb4 Ra8 13. a4 Ne8 14. Nd2 f5 15. Nb3
Nf6 16. f3 Bh6 17. Qd3 Nh5 18. g3 fxe4 19. fxe4 Nf6 20. a5 Bh3 21. Rf2 bxa5 22.
Bxa5 Qd7 23. c5 Ng4 24. Rxf8+ Rxf8 25. Nd1 Nc8 26. Bd2 Bxd2 27. Qxd2 Qf7 28.
Qe1 c6 29. Bxg4 Qf1+ 0-1

[Event "Wch Rapid"]
[Site "St Petersburg"]
[Date "2018.12.26"]
[Round "4"]
[White "Carlsen, Magnus"]
[Black "Vlassov, Nikolai"]
[Result "1-0"]
[WhiteElo "2835"]
[BlackElo "2401"]
[PlyCount "89"]
[EventDate "2018.12.26"]
[EventType "swiss (rapid)"]
[EventRounds "15"]
[EventCountry "RUS"]
[SourceTitle "CBM 187 Extra"]
[Source "ChessBase"]
[SourceDate "2018.11.04"]
[SourceVersion "1"]
[SourceVersionDate "2018.11.04"]
[SourceQuality "1"]

1. c4 f5 2. b4 d6 3. Bb2 e5 4. e3 Nf6 5. d4 e4 6. d5 g6 7. Ne2 Bg7 8. Nf4 O-O
9. h4 Qe8 10. Be2 a5 11. b5 Nh5 12. Bxg7 Nxg7 13. b6 cxb6 14. Nc3 Na6 15. Rb1
Nc5 16. Rxb6 Ra6 17. Rb2 Bd7 18. Qd4 Qe7 19. g3 Be8 20. h5 g5 21. h6 gxf4 22.
Qxg7+ Qxg7 23. hxg7 Kxg7 24. exf4 Rf6 25. Kd2 Rh6 26. Rhb1 Kf8 27. Ke3 Ke7 28.
Rxb7+ Nxb7 29. Rxb7+ Kd8 30. c5 Ra8 31. c6 Rc8 32. Nb5 Bxc6 33. dxc6 Rxc6 34.
Ra7 Rh1 35. Rxa5 Rb1 36. Nd4 Rcb6 37. Rxf5 R6b2 38. Rb5 Rxb5 39. Nxb5 d5 40.
Nc3 Rb2 41. Nxd5 Rxa2 42. Nf6 h6 43. g4 Ke7 44. Nxe4 Ra3+ 45. Bd3 1-0